| 000 | 00692nam a22002297a 4500 | ||
|---|---|---|---|
| 001 | 28603 | ||
| 003 | BD-RjUL | ||
| 005 | 20211209051314.0 | ||
| 008 | 140331s1967 nyua|||| |||| 001 0 eng d | ||
| 035 | _a(BD-RjUL)28684 | ||
| 040 |
_aBD-RjUL _beng _cBD-RjUL _dBD-RjUL |
||
| 041 | _aeng | ||
| 082 | 0 | 4 |
_a136.7082 _bLAC 1967 |
| 100 | 1 |
_a Lambert, Wallace E _987585 |
|
| 245 | 1 | 0 |
_aChildren's views of foreign peoples : _b a cross-national study / _cby Wallace E Lambert |
| 260 |
_aNew York : _b Appleton-Century-Crofts, _c1967 |
||
| 300 |
_aix, 319p. : _bill. ; _c21cm. |
||
| 504 | _aInclude index | ||
| 650 | 0 |
_aChild psychology. _93848 |
|
| 700 | 1 |
_a Klineberg, Otto _95766 |
|
| 942 |
_2ddc _cBK |
||
| 999 |
_c28603 _d28603 |
||